Villes les plus peuplées de Bretagne - Statistiques

Statistiques générales
  • Ce quiz a été pris 131 fois
  • Le résultat moyen est 7 sur 10
Statistiques - réponses
Hint Réponse % Correct
140 064 Brest
100%
216 815 Rennes
99%
62 985 Quimper
96%
57 149 Lorient
90%
53 352 Vannes
88%
46 097 Saint-Malo
83%
44 372 Saint-Brieuc
71%
19 880 Lannion
39%
20 418 Fougères
37%
22 728 Lanester
18%
Aucun quiz correspondant
Distribution des résultats
% des personnes avec chaque résultat
Percentile par nombre de réponses
Votre historique - résultats
Vous n’avez pas pris ce quiz